000 01697cam a22004577i 4500
001 1929
003 FISKH
005 20231018160101.0
008 160205r20081998enka j 000 0 eng
010 _a 2015458865
015 _aGBA864048
_2bnb
016 7 _a014607512
_2Uk
020 _a9781407105871
_q(pbk.)
020 _a1407105876
_q(pbk.)
035 _a(OCoLC)ocn754186940
040 _aNz
_beng
_cNZWKP
_dOCLCF
_dOCLCO
_dOCLCQ
_dDLC
042 _alccopycat
050 0 0 _aQA99
_b.P6697 2008
082 0 4 _a510
_222
100 1 _aPoskitt, Kjartan.
245 1 0 _aGuaranteed to mash your mind /
_cKjartan Poskitt ; [illustrations, Philip Reeve, Rob Davis].
260 _aLondon :
_bScholastic,
_c2008.
300 _a159 pages :
_billustrations ;
_c20 cm.
336 _atext
_btxt
_2rdacontent
337 _aunmediated
_bn
_2rdamedia
338 _avolume
_bnc
_2rdacarrier
490 1 _aMurderous maths
505 _aZ'
520 _aEven if you didn't know that maths could be murderous, read on. It's guaranteed to have no nasty exercises and boring sums Yes, One Finger Jimmy and the rest of the gang are back to show you just how catastrophically dangerous maths can be.
521 8 _a1000
_bLexile
521 8 _aZ'
_bRaz-Plus
650 0 _aMathematics
_vMiscellanea
_vJuvenile literature.
650 0 _aMathematics
_vJuvenile humor.
650 7 _aMathematics.
_2fast
_0(OCoLC)fst01012163
700 1 _aReeve, Philip.
_eillustrator
700 1 _aPoskitt, Kjartan.
_tMore murderous maths.
830 0 _aMurderous maths.
906 _a7
_bcbc
_ccopycat
_d2
_encip
_f20
_gy-gencatlg
942 _2ddc
_cBK
_n0
999 _c1929
_d1929